000 00527nam a2200169Ia 4500
008 240729s9999 xx 000 0 und d
022 _a2322-4509
245 0 _aJournal of Pharmaceutical Care
260 _aIran, Islamic Republic of
260 _bResearch Center for Rational Use of Drugs (RCRUD)
650 _a Pharmacy and materia medica
650 _a Therapeutics. Pharmacology | Medicine
650 _aMedicine
856 _uhttps://doaj.org/toc/11addc2d01db423589fc09ee48ecc21f
942 _2ddc
942 _cDOAJEJ
999 _c71119
_d71119
945 _a1
_bMadushi Gamage
_c1
_dMadushi Gamage